Indian national evolution : (Record no. 9417)
[ view plain ]
| 000 -LEADER | |
|---|---|
| fixed length control field | 00808nam a2200229 a 4500 |
| 001 - CONTROL NUMBER | |
| control field | 9417 |
| 003 - CONTROL NUMBER IDENTIFIER | |
| rucl marc code | BD-RjUL |
| 005 - DATE AND TIME OF LATEST TRANSACTION | |
| control field | 20211208234756.0 |
| 008 - FIXED-LENGTH DATA ELEMENTS--GENERAL INFORMATION | |
| fixed length control field | 190227s1915 ii a 001 0 eng d |
| 035 ## - SYSTEM CONTROL NUMBER | |
| System control number | (BD-RjUL)9462 |
| 040 ## - CATALOGING SOURCE | |
| Original cataloging agency | BD-RjUL |
| Transcribing agency | BD-RjUL |
| Modifying agency | BD-RjUL |
| Language of cataloging | eng |
| 041 ## - LANGUAGE CODE | |
| Language code of text/sound track or separate title | eng |
| 082 ## - DEWEY DECIMAL CLASSIFICATION NUMBER | |
| Edition number | 23 |
| Classification number | 324.254083 |
| Author mark and year | MAI 1915 |
| 100 1# - MAIN ENTRY--PERSONAL NAME | |
| Personal name | Mazumdar, Amvika Charan, |
| Dates associated with a name | 1851-1922, |
| 9 (RLIN) | 228728 |
| 245 10 - TITLE STATEMENT | |
| Title | Indian national evolution : |
| Remainder of title | a brief survey of the origin and progress of the Indian National Congress / |
| Statement of responsibility, etc. | by Amvika Charan Mazumdar. |
| 250 ## - EDITION STATEMENT | |
| Edition statement | 1st ed. |
| 260 ## - PUBLICATION, DISTRIBUTION, ETC. (IMPRINT) | |
| Place of publication, distribution, etc. | Madras : |
| Name of publisher, distributor, etc. | G.A. Natesan, |
| Date of publication, distribution, etc. | [1915] |
| 300 ## - PHYSICAL DESCRIPTION | |
| Pagination | iii, 463, lxiii p. : |
| Illustrations | ill. ; |
| Size | 19 cm |
| 650 ## - SUBJECT ADDED ENTRY--TOPICAL TERM | |
| Topical term or geographic name as entry element | Indian National Congress |
| General subdivision | History |
| Chronological subdivision | 1885-1914 |
| 9 (RLIN) | 228731 |
| 651 #0 - SUBJECT ADDED ENTRY--GEOGRAPHIC NAME | |
| Geographic name | India |
| General subdivision | Politics and government |
| Chronological subdivision | 1857-1919. |
| 9 (RLIN) | 228730 |
| 942 ## - ADDED ENTRY ELEMENTS (KOHA) | |
| Source of classification or shelving scheme | Dewey Decimal Classification |
| Koha item type | Rare Books |
| Lost status | Source of classification or shelving scheme | Damaged status | Not for loan | Collection code | Permanent Location | Current Location | Shelving location | Date acquired | Total Checkouts | Full call number | Date last seen | Copy number | Koha item type |
|---|---|---|---|---|---|---|---|---|---|---|---|---|---|
| Dewey Decimal Classification | Not For Loan | Rare Books | Central Library, University of Rajshahi | Central Library, University of Rajshahi | Rare Book Section | 27/02/2019 | RA 324.254083 MAI 1915 | 27/02/2019 | C-1 | Rare Books |